000 00473nam a2200169Ia 4500
003 LK-CoDNM
008 010623t1927 xxu||||| |||| 00| 1 sin d
040 _aLK-CoDNM
_dLK-CoDNM
_eLK-CoDNM
041 _asin
080 _a104 D.7
100 _aSadhanandha Thero,Weligama
_eed.
245 _aචෛතසික ධර්ම වර්ණනාව
246 _aChaitasika dharma warnanaa
260 _bM.M.P.W.Appuhami
_aMatara
_c1927
300 _b86p., 21 cm
942 _cBK
999 _c94019
_d94019